LEADER 00992nam a2200241 i 4500 001 000000177659 003 CaOOAMICUS 005 20090217000000.0 008 090217s1923 it u000 u fre u 013 $a155227 040 $aSeMil$bita 100 1 $aMarouzeau, Jules <1878-1964>.$0(OLS)http://semarc/name/1659 245 13$aLe latin :$bdix causeries /$cJ. Marouzeau. 260 $aParis :$bHenri Didier,$c1923. 260 $aToulose :$bEdouard Privat,$c1923. 300 $a278 p. ;$c20 cm. 490 0 $aBibliothèque des parents et des maitres ;$v12. 830 0$aBibliothèque des parents et des maitres ;$v12.$0(OLS)http://semarc/title/27326 850 $aSeMil 852 $aSeMil$W1$xVenegono$y1$m1Z II 192$j128464$B128464$CSeMilBibl$Z2$F139337 $81 996 $6245$aLe latin :$bdix causeries$9(OLS)http://semarc/title/255175 996 $6260$aToulose :$bEdouard Privat$9(OLS)http://semarc/publisher/33852 996 $6260$aParis :$bHenri Didier$9(OLS)http://semarc/publisher/35369 LEADER 00748nam a2200193 i 4500 001 000000258107 003 CaOOAMICUS 005 20180412000000.0 008 180412s1831 it u000 u ita u 013 $a237015 040 $aSeMil$bita 245 10$aTomo 29. 300 $a1067 p. :$bill. 773 0 $aBuffon, Georges-Louis Leclerc $tStoria naturale di Buffon nuovamente ordinata e continuata per opera del C. di Lacepède.$dLivorno : Tipografia Vignozzi, 1829-1833.$bEdizione adorna di rami.$g29$w()6125 850 $aSeMil 852 $aSeMil$W1$xVenegono$y1$m3W II 149 FA$j208453$B208453$CSeMilBibl$Z2$F222088 $8I 941 1 $a10 961 $aRecupero: Mantegazza 996 $6245$aTomo 29$9(OLS)http://semarc/title/334544